000 00463nam a2200157 i 4500
001 149494
003 ES-MaACL
005 20230906203127.0
007 t|
008 071023s1973 sp ||||1| spa d
100 1 _aVázquez Azpiri, Héctor.
_9113395
245 1 0 _aDe Alfonso XIII al Príncipe de España /
_cHéctor Vázquez Azpiri.
260 _a[Barcelona] :
_bNauta,
_c[1973]
300 _a519 p. :
_bil. ;
_c21 cm.
852 _aES-MaACL
_jC-56112
_bR.88828
999 _c149494
_d149494